Esotérisme de Baudelaire / (Record no. 13733)

MARC details
000 -LEADER
campo de control de longitud fija 00664nam a2200217 i 4500
001 - NÚMERO DE CONTROL
campo de control 13733
003 - IDENTIFICADOR DE NÚMERO DE CONTROL
campo de control ES-MaACL
005 - FECHA Y HORA DE LA ÚLTIMA TRANSACCIÓN
campo de control 20230906150643.0
007 - CAMPO FIJO DE DESCRIPCIÓN FÍSICA--INFORMACIÓN GENERAL
campo de control de longitud fija t|
008 - DATOS DE LONGITUD FIJA--INFORMACIÓN GENERAL
campo de control de longitud fija 980701s1972 sp ||||1| spa d
080 ## - NÚMERO DE LA CLASIFICACIÓN DECIMAL UNIVERSAL
Número de la Clasificación Decimal Universal 840 Baudelaire, Charles 1.06
100 1# - ENTRADA PRINCIPAL--NOMBRE DE PERSONA
Nombre de persona Arnold, Paul.
9 (RLIN) 23112
245 10 - MENCIÓN DEL TÍTULO
Título Esotérisme de Baudelaire /
Mención de responsabilidad, etc. par Paul Arnold.
260 ## - PUBLICACIÓN, DISTRIBUCIÓN, ETC.
Lugar de publicación, distribución, etc. Paris :
Nombre del editor, distribuidor, etc. J. Vrin,
Fecha de publicación, distribución, etc. 1972.
300 ## - DESCRIPCIÓN FÍSICA
Extensión 192 p. ;
Dimensiones 23 cm.
490 1# - MENCIÓN DE SERIE
Mención de serie Essais d'art et de philosophie
600 14 - PUNTO DE ACCESO ADICIONAL DE MATERIA--NOMBRE DE PERSONA
Nombre de persona Baudelaire, Charles-
Subdivisión general Crítica e interpretación.
9 (RLIN) 26515
830 0# - PUNTO DE ACCESO ADICIONAL DE SERIE-TÍTULO UNIFORME
Título uniforme Essais d'art et de philosophie
9 (RLIN) 179524
852 ## - LOCALIZACIÓN
Ubicación ES-MaACL
Número de control de estantería L-21084
Sublocalización o colección R.115742
Holdings
Estatus retirado Estado de pérdida Estado de daño No para préstamo Biblioteca de origen Biblioteca actual Ubicación en estantería Fecha de adquisición Fuente de adquisición Total de préstamos Signatura topográfica completa Código de barras Visto por última vez Precio de reemplazo Tipo de ítem Koha
        Biblioteca del Ateneo de Madrid Biblioteca del Ateneo de Madrid Depósito 2 17/01/2008     L-21084 1013977 23/02/2023 23/02/2023 Libro impreso